Lucky's world of cats / (Record no. 112609)
[ view plain ]
| 000 -LEADER | |
|---|---|
| fixed length control field | 00514nam a2200169 a 4500 |
| 001 - CONTROL NUMBER | |
| control field | 0311 |
| 005 - DATE AND TIME OF LATEST TRANSACTION | |
| control field | 20140414131942.0 |
| 008 - FIXED-LENGTH DATA ELEMENTS--GENERAL INFORMATION | |
| fixed length control field | 040909s19uu xx 00 eng d |
| 020 ## - INTERNATIONAL STANDARD BOOK NUMBER | |
| International Standard Book Number | 1-86896-896-X |
| 050 ## - LIBRARY OF CONGRESS CALL NUMBER | |
| Classification number | TR 372.5 |
| Item number | Lu96 1999 |
| 100 ## - MAIN ENTRY--PERSONAL NAME | |
| Personal name | Carey, Sam |
| 245 ## - TITLE STATEMENT | |
| Title | Lucky's world of cats / |
| Statement of responsibility, etc | by Sam Carey ; illustrated by Steve Verhagen. |
| 260 ## - PUBLICATION, DISTRIBUTION, ETC. (IMPRINT) | |
| Place of publication, distribution, etc | Australia : |
| Name of publisher, distributor, etc | Scholastic Australia Pty., |
| Date of publication, distribution, etc | 1999. |
| 300 ## - PHYSICAL DESCRIPTION | |
| Extent | 32 p. : ill. ; cm. |
| 650 ## - SUBJECT ADDED ENTRY--TOPICAL TERM | |
| Topical term or geographic name as entry element | Creative activities |
| General subdivision | Juvenile literature. |
| Withdrawn status | Lost status | Damaged status | Use restrictions | Home library | Current library | Shelving location | Date acquired | Source of acquisition | Total Checkouts | Full call number | Barcode | Date last seen | Price effective from | Koha item type |
|---|---|---|---|---|---|---|---|---|---|---|---|---|---|---|
| Munich Library | Munich Library | Teachers Reference Section | 09/09/2004 | TR 372.5 Lu96 1999 | M3960 | 04/14/2014 | 04/14/2014 | Books |